[Event "Morbihan-ch 1112"]
[Site "Morbihan"]
[Date "2012.03.10"]
[Round "6.12"]
[White "Georget, Aymeric"]
[Black "Nicolas, Stephane"]
[Result "0-1"]
[WhiteElo "1470"]
[BlackElo "1850"]
[PlyCount "48"]
[EventDate "2011.10.08"]
[EventType "swiss"]
[EventRounds "7"]
[EventCountry "FRA"]
[SourceTitle "EXT 2014"]
[Source "ChessBase"]
[SourceDate "2013.11.20"]
[SourceVersion "1"]
[SourceVersionDate "2013.11.20"]
[SourceQuality "1"]

1. c4 c6 2. Nc3 Qc7 3. d4 g6 4. Nf3 Bg7 5. e4 e6 6. b4 Ne7 7. c5 0-0 8. e5 b6 9. h4 bxc5 10. bxc5 Nd5 11. Bd2 f6 12. h5 fxe5 13. hxg6 hxg6 14. Qc2 Rf5 15. Nh4 exd4 16. Ne4 d3 17. Bxd3 Bxa1 18. Nd6 Na6 19. Nxg6 Nab4 20. Bxb4 Nxb4 21. Qb1 Nxd3+ 22. Qxd3 Qa5+ 23. Ke2 Qxa2+ 24. Qd2 Rxf2+ 0-1

[Event "Morbihan-ch 1011"]
[Site "Morbihan"]
[Date "2011.03.26"]
[Round "6.21"]
[White "Georget, Aymeric"]
[Black "Le Gal, Loic"]
[Result "1-0"]
[WhiteElo "1450"]
[BlackElo "1570"]
[PlyCount "121"]
[EventDate "2010.10.09"]
[EventType "swiss"]
[EventRounds "7"]
[EventCountry "FRA"]
[SourceTitle "EXT 2014"]
[Source "ChessBase"]
[SourceDate "2013.11.20"]
[SourceVersion "1"]
[SourceVersionDate "2013.11.20"]
[SourceQuality "1"]

1. c4 d5 2. d4 Nc6 3. Nf3 Bf5 4. Bf4 e6 5. Nc3 Bb4 6. a3 Bd6 7. Bxd6 Qxd6 8. Nb5 Qd7 9. e3 Nge7 10. Qa4 0-0 11. Nc3 f6 12. Nh4 e5 13. cxd5 Nd8 14. Bb5 c6 15. Bc4 cxd5 16. Qxd7 Bxd7 17. Nxd5 Nxd5 18. Bxd5+ Be6 19. Bxe6+ Nxe6 20. d5 Nc5 21. b4 Nd3+ 22. Ke2 e4 23. f3 f5 24. fxe4 fxe4 25. Rhf1 Rac8 26. Kd2 g6 27. g3 Rcd8 28. Kc3 Rxd5 29. Rxf8+ Kxf8 30. Rf1+ Ke7 31. Kc4 Rd6 32. Ng2 Ne5+ 33. Kc5 Rd2 34. Nf4 Nd3+ 35. Kc4 Kd6 36. h4 a6 37. Kc3 Ra2 38. Nxd3 Rxa3+ 39. Kd4 Rxd3+ 40. Kxe4 Rb3 41. Rf6+ Ke7 42. Rb6 a5 43. bxa5 Rxb6 44. axb6 Kd6 45. Kd4 Kc6 46. e4 Kxb6 47. Kd5 Kc7 48. g4 Kd7 49. Ke5 b5 50. Kf6 b4 51. Kf7 b3 52. e5 b2 53. e6+ Kd6 54. e7 b1Q 55. e8Q Qb7+ 56. Kg8 g5 57. Qd8+ Ke6 58. Qxg5 Qf7+ 59. Kh8 Kd6 60. Qg7 Qe8+ 61. Kxh7 1-0